[Event "Capablanca Memorial"]
[Site "Havana CUB"]
[Date "2018.05.19"]
[EventDate "2018.05.08"]
[Round "10"]
[Result "1/2-1/2"]
[White "David Anton Guijarro"]
[Black "Alexey Dreev"]
[WhiteElo "2646"]
[BlackElo "2653"]
[PlyCount "60"]

1. d4 d5 2. c4 c6 3. Nf3 Nf6 4. Nc3 e6 5. Bg5 Nbd7 6. e3 Qa5
7. Nd2 Bb4 8. Qc2 O-O 9. Be2 c5 10. Bf4 cxd4 11. exd4 Bxc3
12. bxc3 Re8 13. O-O e5 14. Be3 Qc7 15. Qb3 exd4 16. cxd4 dxc4
17. Nxc4 Nb6 18. Nxb6 Qxb6 19. Rfb1 Bg4 20. Qxb6 axb6 21. Bxg4
Nxg4 22. Rxb6 Nxe3 23. fxe3 Rxe3 24. Rxb7 g6 25. a4 Re2 26. a5
Rc8 27. a6 Rcc2 28. a7 Rxg2+ 29. Kf1 Rgf2+ 30. Kg1 Rg2+
1/2-1/2

[Event "Capablanca Memorial"]
[Site "Havana CUB"]
[Date "2018.05.19"]
[EventDate "2018.05.08"]
[Round "10"]
[Result "1/2-1/2"]
[White "Lazaro Bruzon Batista"]
[Black "Aleksandr Rakhmanov"]
[WhiteElo "2664"]
[BlackElo "2635"]
[PlyCount "82"]

1. c4 e5 2. g3 h5 3. Nc3 Bb4 4. Nd5 a5 5. a3 Bc5 6. e3 d6
7. Bg2 c6 8. Nc3 h4 9. d4 Bb6 10. Nf3 h3 11. Bf1 Qe7 12. Be2
Nf6 13. O-O Bg4 14. c5 exd4 15. cxd6 Qxd6 16. exd4 O-O 17. Bf4
Qd8 18. Ng5 Bxe2 19. Qxe2 Bxd4 20. Rad1 c5 21. Nxh3 Nc6
22. Ng5 Re8 23. Qc2 Qd7 24. Nb5 Ne5 25. a4 Rad8 26. Bxe5 Rxe5
27. Nf3 Rd5 28. Kg2 Ng4 29. Rde1 Rh5 30. h4 Bf6 31. b3 Rd5
32. Re4 Nh6 33. Rfe1 Nf5 34. Qc4 g6 35. Nc3 Rd3 36. Ne5 Bxe5
37. Rxe5 b6 38. Ne4 Kg7 39. Kg1 Nxh4 40. Ng5 Nf3+ 41. Nxf3
Rxf3 1/2-1/2